01540nam a2200277 i 4500003000900000005001700009007000300026008004100029040003000070041000800100082002500108110008600133240001800219245011100237264015700348300002800505336002700533337003400560338002800594505044200622590002701064910000701091942001401098952013301112999001701245DO-SdBNP20250909105913.0ta250729b2008 dr ||||| |||| 00| 0 spa d aDO-SdBNPbspacBNPHUerda aspa 4axxxbR426co 20082222 aRepública Dominicana. bComisión Nacional de Defensa de la Competencia98844810a[Leyes, etc.]10aCompendio de normativas de libre competencia : bley general de defensa de la competencia número : 42-08 1aSanto Domingo, República Dominicana : bComisión Nacional de Defensa de la Competencia (Pro-Competencia), c[Fecha de publicación no identificada] a174 páginas ;c23 cm. atextobtxt2rdacontent asin mediación bn2rdamedia avolumenbnc2rdacarrier aLey general de defensa de la competencia, 7 -- Reglamento de aplicación de la Ley núm. 42-08, general de defensa de la competencia, 82 -- Reglamento que establece el procedimiento simplificado aplicable en casos de indicios de entrega de información falsa o alterada 140 -- Reglamento para el sometimiento y aprobación de compromisos de cese, 147 -- Reglamento para establecimiento de un régimen de reducción de sanciones 158 aInventariado, 2025 /LP aLP 2ddccLBS1 00102ddc51708PDaBNPHUbBNPHUcHDd2025-05-28eDepósito Legall0oxxx R426co 2008p2025-7562r2025-07-29w2025-07-29yLBS1 c59663d59663